[Event "DVM U20 2023"]
[Site "Magdeburg GER"]
[Date "2023.12.28"]
[Round "4"]
[White "Kosmehl, Konrad"]
[Black "Tulchynsky, Mark"]
[Result "0-1"]
[Termination "normal"]
[Board "4.6"]
[WhiteElo "1193"]
[BlackElo "1625"]
[WhiteClock "00:05:06"]
[BlackClock "00:31:37"]
[WhiteTeam "SK Lehrte 1919"]
[BlackTeam "KSV Rochade Göttingen (Veltheim)"]
[PlyCount "118"]
[WhiteFideId "16283120"]
[BlackFideId "34617698"]
[EventCountry "GER"]
[EventRounds "7"]
[EventType "team-swiss"]
[EventDate "2023.12.26"]

1. e4 {[%clk 01:30:58]} {[%emt 00:00:03]} c6 {[%clk 01:30:50]} {[%emt
00:00:10]} 2. d4 {[%clk 01:31:18]} {[%emt 00:00:10]} d5 {[%clk 01:31:15]}
{[%emt 00:00:04]} 3. e5 {[%clk 01:30:51]} {[%emt 00:00:58]} Bf5 {[%clk
01:31:39]} {[%emt 00:00:07]} 4. h4 {[%clk 01:30:50]} {[%emt 00:00:30]} h5
{[%clk 01:32:05]} {[%emt 00:00:04]} 5. Bd3 {[%clk 01:30:22]} {[%emt 00:00:58]}
Bxd3 {[%clk 01:32:29]} {[%emt 00:00:06]} 6. Qxd3 {[%clk 01:30:48]} {[%emt
00:00:05]} Qa5+ {[%clk 01:32:55]} {[%emt 00:00:03]} 7. c3 {[%clk 01:30:57]}
{[%emt 00:00:22]} Qa6 {[%clk 01:33:24]} 8. Qxa6 {[%clk 01:28:49]} {[%emt
00:02:38]} Nxa6 {[%clk 01:33:53]} {[%emt 00:00:01]} 9. f4 {[%clk 01:27:11]}
{[%emt 00:02:08]} e6 {[%clk 01:34:05]} {[%emt 00:00:18]} 10. Nf3 {[%clk
01:27:18]} {[%emt 00:00:24]} Nh6 {[%clk 01:33:23]} {[%emt 00:01:12]} 11. O-O
{[%clk 01:26:51]} {[%emt 00:00:57]} Nf5 {[%clk 01:33:05]} {[%emt 00:00:46]} 12.
Nbd2 {[%clk 01:26:47]} {[%emt 00:00:35]} Be7 {[%clk 01:33:10]} {[%emt
00:00:25]} 13. Ng5 {[%clk 01:24:53]} {[%emt 00:02:24]} Nxh4 {[%clk 01:33:13]}
{[%emt 00:00:26]} 14. Nh3 {[%clk 01:19:28]} {[%emt 00:05:56]} c5 {[%clk
01:31:40]} {[%emt 00:02:03]} 15. Rf2 {[%clk 01:18:37]} {[%emt 00:01:21]} cxd4
{[%clk 01:28:24]} {[%emt 00:03:46]} 16. cxd4 {[%clk 01:19:05]} {[%emt
00:00:02]} Rc8 {[%clk 01:28:26]} {[%emt 00:00:28]} 17. a3 {[%clk 01:15:37]}
{[%emt 00:03:58]} Bd8 {[%clk 01:25:23]} {[%emt 00:03:33]} 18. Nb3 {[%clk
01:11:55]} {[%emt 00:04:12]} Bb6 {[%clk 01:23:47]} {[%emt 00:02:04]} 19. Bd2
{[%clk 01:10:42]} {[%emt 00:01:44]} Nf5 {[%clk 01:22:24]} {[%emt 00:01:52]} 20.
Bc3 {[%clk 01:08:34]} {[%emt 00:02:39]} Rc4 {[%clk 01:17:56]} {[%emt 00:04:57]}
21. Rd2 {[%clk 01:05:23]} {[%emt 00:03:42]} Ke7 {[%clk 01:13:17]} {[%emt
00:05:09]} 22. Rd3 {[%clk 01:01:55]} {[%emt 00:03:59]} Rhc8 {[%clk 01:10:00]}
{[%emt 00:03:46]} 23. Nf2 {[%clk 00:58:00]} {[%emt 00:04:25]} Nc7 {[%clk
00:58:33]} {[%emt 00:11:58]} 24. g4 {[%clk 00:51:46]} {[%emt 00:06:45]} hxg4
{[%clk 00:58:46]} {[%emt 00:00:16]} 25. Nxg4 {[%clk 00:52:14]} {[%emt
00:00:03]} Nb5 {[%clk 00:57:53]} {[%emt 00:01:21]} 26. Bb4+ {[%clk 00:41:07]}
{[%emt 00:11:38]} Kd7 {[%clk 00:54:40]} {[%emt 00:03:43]} 27. Nc5+ {[%clk
00:40:15]} {[%emt 00:01:22]} Bxc5 {[%clk 00:55:01]} {[%emt 00:00:09]} 28. Bxc5
{[%clk 00:40:39]} {[%emt 00:00:06]} b6 {[%clk 00:55:04]} {[%emt 00:00:26]} 29.
b3 {[%clk 00:40:06]} {[%emt 00:01:05]} Rc2 {[%clk 00:54:59]} {[%emt 00:00:33]}
30. a4 {[%clk 00:39:22]} {[%emt 00:01:15]} Nc3 {[%clk 00:53:02]} {[%emt
00:02:28]} 31. Bb4 {[%clk 00:36:56]} {[%emt 00:02:55]} Ne2+ {[%clk 00:53:01]}
{[%emt 00:00:30]} 32. Kf1 {[%clk 00:36:16]} {[%emt 00:01:12]} Rh8 {[%clk
00:49:41]} {[%emt 00:03:48]} 33. Nf2 {[%clk 00:31:01]} {[%emt 00:05:46]} Rh2
{[%clk 00:44:54]} {[%emt 00:05:16]} 34. Bd2 {[%clk 00:28:40]} {[%emt 00:02:51]}
Nxf4 {[%emt 00:07:10]} 35. Rf3 {[%clk 00:20:50]} {[%emt 00:08:18]} Rxd2 {[%clk
00:38:13]} {[%emt 00:00:33]} 36. Rxf4 {[%clk 00:20:37]} {[%emt 00:00:45]} Ng3+
{[%clk 00:35:09]} {[%emt 00:03:32]} 37. Kg1 {[%clk 00:16:33]} {[%emt 00:04:34]}
Ne2+ {[%clk 00:34:39]} {[%emt 00:01:01]} 38. Kxh2 {[%clk 00:17:02]} {[%emt
00:00:01]} Nxf4 {[%clk 00:35:08]} {[%emt 00:00:02]} 39. Kg3 {[%clk 00:15:12]}
{[%emt 00:02:19]} Ne2+ {[%clk 00:34:25]} {[%emt 00:01:12]} 40. Kf3 {[%clk
00:15:38]} {[%emt 00:00:05]} Nxd4+ {[%clk 00:34:45]} {[%emt 00:00:09]} 41. Ke3
{[%clk 00:16:04]} {[%emt 00:00:05]} Re2+ {[%clk 00:34:38]} {[%emt 00:00:37]}
42. Kxd4 {[%clk 00:15:27]} {[%emt 00:01:07]} Rxf2 {[%clk 00:34:56]} {[%emt
00:00:11]} 43. Rg1 {[%clk 00:14:41]} {[%emt 00:01:17]} g6 {[%clk 00:34:48]}
{[%emt 00:00:38]} 44. Rg3 {[%clk 00:14:38]} {[%emt 00:00:32]} Rf4+ {[%clk
00:35:06]} {[%emt 00:00:12]} 45. Kd3 {[%clk 00:13:59]} {[%emt 00:01:10]} Kc6
{[%clk 00:34:07]} {[%emt 00:01:28]} 46. Rg1 {[%clk 00:05:32]} {[%emt 00:08:58]}
Rf3+ {[%clk 00:32:00]} {[%emt 00:02:36]} 47. Kc2 {[%clk 00:05:15]} {[%emt
00:00:47]} d4 {[%clk 00:31:20]} {[%emt 00:01:10]} 48. Rd1 {[%clk 00:04:40]}
{[%emt 00:01:06]} Kd5 {[%clk 00:31:43]} {[%emt 00:00:07]} 49. Re1 {[%clk
00:04:33]} {[%emt 00:00:36]} Rf5 {[%clk 00:31:03]} {[%emt 00:01:09]} 50. Kd2
{[%clk 00:04:13]} {[%emt 00:00:51]} Rxe5 {[%clk 00:31:26]} {[%emt 00:00:08]}
51. Rc1 {[%clk 00:04:30]} {[%emt 00:00:14]} Rf5 {[%clk 00:29:38]} {[%emt
00:02:17]} 52. Rc7 {[%clk 00:04:39]} {[%emt 00:00:19]} a5 {[%clk 00:29:14]}
{[%emt 00:00:55]} 53. Rd7+ {[%clk 00:04:33]} {[%emt 00:00:37]} Ke4 {[%clk
00:29:37]} {[%emt 00:00:07]} 54. Rb7 {[%clk 00:04:13]} {[%emt 00:00:50]} Rf2+
{[%clk 00:29:58]} {[%emt 00:00:09]} 55. Ke1 {[%clk 00:04:35]} {[%emt 00:00:09]}
Ke3 {[%clk 00:30:12]} {[%emt 00:00:15]} 56. Rxb6 {[%clk 00:04:35]} {[%emt
00:00:29]} d3 {[%clk 00:30:37]} {[%emt 00:00:06]} 57. Rd6 {[%clk 00:04:32]}
{[%emt 00:00:32]} d2+ {[%clk 00:30:49]} {[%emt 00:00:19]} 58. Rxd2 {[%clk
00:04:55]} {[%emt 00:00:06]} Rxd2 {[%clk 00:31:14]} {[%emt 00:00:05]} 59. b4
{[%clk 00:05:06]} {[%emt 00:00:19]} axb4 {[%clk 00:31:37]} {[%emt 00:00:06]}
0-1

[Event "DVM U20 2023"]
[Site "Magdeburg GER"]
[Date "2023.12.28"]
[Round "4"]
[White "Rose, Daniel"]
[Black "Dauner, Benedikt"]
[Result "0-1"]
[Termination "normal"]
[Board "5.1"]
[BlackTitle "FM"]
[WhiteElo "1866"]
[BlackElo "2390"]
[WhiteClock "00:45:06"]
[BlackClock "01:17:18"]
[WhiteTeam "SV Königsjäger Süd-West"]
[BlackTeam "Karlsruher SF 1853"]
[PlyCount "44"]
[WhiteFideId "16242963"]
[BlackFideId "16225899"]
[EventCountry "GER"]
[EventRounds "7"]
[EventType "team-swiss"]
[EventDate "2023.12.26"]

1. d4 {[%clk 01:30:58]} {[%emt 00:00:02]} Nf6 {[%clk 01:30:52]} {[%emt
00:00:08]} 2. c4 {[%clk 01:31:21]} {[%emt 00:00:06]} Nc6 {[%clk 01:31:12]}
{[%emt 00:00:10]} 3. Nc3 {[%clk 01:31:46]} {[%emt 00:00:06]} e5 {[%clk
01:31:36]} {[%emt 00:00:05]} 4. d5 {[%clk 01:31:41]} {[%emt 00:00:35]} Ne7
{[%clk 01:32:00]} {[%emt 00:00:06]} 5. e4 {[%clk 01:32:02]} {[%emt 00:00:09]}
Ng6 {[%clk 01:32:24]} {[%emt 00:00:06]} 6. Be3 {[%clk 01:32:24]} {[%emt
00:00:10]} Bb4 {[%clk 01:31:43]} {[%emt 00:01:10]} 7. Bd3 {[%clk 01:31:09]}
{[%emt 00:01:45]} O-O {[%clk 01:29:44]} {[%emt 00:02:29]} 8. Nge2 {[%clk
01:28:05]} {[%emt 00:03:34]} Ng4 {[%clk 01:29:19]} {[%emt 00:00:54]} 9. Qd2
{[%clk 01:22:40]} {[%emt 00:05:56]} Nxe3 {[%clk 01:29:21]} {[%emt 00:00:28]}
10. Qxe3 {[%clk 01:23:04]} {[%emt 00:00:06]} d6 {[%clk 01:29:40]} {[%emt
00:00:11]} 11. O-O {[%clk 01:08:17]} {[%emt 00:15:17]} Bd7 {[%clk 01:28:47]}
{[%emt 00:01:24]} 12. a3 {[%clk 01:04:10]} {[%emt 00:04:37]} Bc5 {[%clk
01:29:05]} {[%emt 00:00:10]} 13. Qd2 {[%clk 01:04:36]} {[%emt 00:00:04]} a5
{[%clk 01:28:56]} {[%emt 00:00:40]} 14. Rab1 {[%clk 01:03:56]} {[%emt
00:01:10]} Qf6 {[%clk 01:27:44]} {[%emt 00:01:42]} 15. b4 {[%clk 01:01:53]}
{[%emt 00:02:34]} Bb6 {[%clk 01:27:36]} {[%emt 00:00:37]} 16. Ng3 {[%clk
00:50:06]} {[%emt 00:12:16]} Nf4 {[%clk 01:24:03]} {[%emt 00:04:03]} 17. Nd1
{[%clk 00:46:39]} {[%emt 00:03:57]} h5 {[%clk 01:22:05]} {[%emt 00:02:26]} 18.
Ne3 {[%clk 00:45:48]} {[%emt 00:01:22]} axb4 {[%clk 01:21:43]} {[%emt
00:00:53]} 19. axb4 {[%clk 00:45:41]} {[%emt 00:00:38]} Ra3 {[%clk 01:21:38]}
{[%emt 00:00:34]} 20. Be2 {[%clk 00:45:48]} {[%emt 00:00:23]} h4 {[%clk
01:19:26]} {[%emt 00:02:41]} 21. Ngf5 {[%clk 00:45:06]} {[%emt 00:01:13]} Bxf5
{[%clk 01:17:17]} {[%emt 00:02:38]} 22. Nxf5 {[%clk 00:45:06]} {[%emt
00:00:32]} Qg5 {[%clk 01:17:18]} {[%emt 00:00:29]} 0-1

[Event "DVM U20 2023"]
[Site "Magdeburg GER"]
[Date "2023.12.28"]
[Round "4"]
[White "Fidlin, Simon"]
[Black "Boissel, Kasimir"]
[Result "1-0"]
[Termination "normal"]
[Board "5.2"]
[WhiteElo "2122"]
[BlackElo "1819"]
[WhiteClock "00:38:12"]
[BlackClock "00:05:17"]
[WhiteTeam "Karlsruher SF 1853"]
[BlackTeam "SV Königsjäger Süd-West"]
[PlyCount "75"]
[WhiteFideId "16217535"]
[BlackFideId "16298209"]
[EventCountry "GER"]
[EventRounds "7"]
[EventType "team-swiss"]
[EventDate "2023.12.26"]

1. Nf3 {[%clk 01:30:25]} {[%emt 00:00:35]} d5 {[%clk 01:30:55]} {[%emt
00:00:06]} 2. c4 {[%clk 01:30:50]} {[%emt 00:00:05]} e6 {[%clk 01:31:20]}
{[%emt 00:00:05]} 3. e3 {[%clk 01:31:14]} {[%emt 00:00:05]} Nf6 {[%clk
01:31:44]} {[%emt 00:00:06]} 4. b3 {[%clk 01:31:39]} {[%emt 00:00:05]} b6
{[%clk 01:29:32]} {[%emt 00:02:44]} 5. Bb2 {[%clk 01:31:16]} {[%emt 00:00:51]}
Bb7 {[%clk 01:29:36]} {[%emt 00:00:27]} 6. Qc2 {[%clk 01:30:28]} {[%emt
00:01:16]} Bd6 {[%clk 01:24:39]} {[%emt 00:05:28]} 7. cxd5 {[%clk 01:28:54]}
{[%emt 00:02:04]} Bxd5 {[%clk 01:17:12]} {[%emt 00:07:58]} 8. Nc3 {[%clk
01:29:00]} {[%emt 00:00:24]} Bb7 {[%clk 01:16:57]} {[%emt 00:00:44]} 9. Nb5
{[%clk 01:29:23]} {[%emt 00:00:07]} O-O {[%clk 01:15:03]} {[%emt 00:02:24]} 10.
Nxd6 {[%clk 01:29:36]} {[%emt 00:00:18]} cxd6 {[%clk 01:15:07]} {[%emt
00:00:26]} 11. Be2 {[%clk 01:27:15]} {[%emt 00:02:50]} Nbd7 {[%clk 01:10:06]}
{[%emt 00:05:32]} 12. d3 {[%clk 01:26:21]} {[%emt 00:01:23]} Rc8 {[%clk
01:03:06]} {[%emt 00:07:32]} 13. Qd2 {[%clk 01:26:32]} {[%emt 00:00:17]} Nc5
{[%clk 00:58:24]} {[%emt 00:05:13]} 14. O-O {[%clk 01:23:35]} {[%emt 00:03:27]}
Qe7 {[%clk 00:53:59]} {[%emt 00:04:56]} 15. Rac1 {[%clk 01:22:53]} {[%emt
00:01:10]} Rc7 {[%clk 00:49:44]} {[%emt 00:04:46]} 16. b4 {[%clk 01:21:27]}
{[%emt 00:01:56]} Na6 {[%clk 00:38:40]} {[%emt 00:11:33]} 17. Rxc7 {[%clk
01:16:27]} {[%emt 00:05:31]} Nxc7 {[%clk 00:36:59]} {[%emt 00:02:11]} 18. Rc1
{[%clk 01:15:34]} {[%emt 00:01:22]} Rc8 {[%clk 00:34:56]} {[%emt 00:02:35]} 19.
Nd4 {[%clk 01:13:52]} {[%emt 00:02:12]} Qd7 {[%clk 00:32:08]} {[%emt 00:03:18]}
20. a3 {[%clk 01:03:52]} {[%emt 00:10:30]} e5 {[%clk 00:31:11]} {[%emt
00:01:28]} 21. Nf3 {[%clk 01:03:25]} {[%emt 00:00:56]} Ncd5 {[%clk 00:27:08]}
{[%emt 00:04:33]} 22. h3 {[%clk 01:01:23]} {[%emt 00:02:33]} h6 {[%clk
00:22:44]} {[%emt 00:04:55]} 23. Qd1 {[%clk 00:57:48]} {[%emt 00:04:04]} Ba6
{[%clk 00:20:34]} {[%emt 00:02:42]} 24. Nd2 {[%clk 00:56:42]} {[%emt 00:01:35]}
Rc6 {[%clk 00:15:34]} {[%emt 00:05:30]} 25. Nc4 {[%clk 00:53:44]} {[%emt
00:03:27]} Qc7 {[%clk 00:14:31]} {[%emt 00:01:34]} 26. Bf1 {[%clk 00:51:14]}
{[%emt 00:02:59]} Kf8 {[%clk 00:14:20]} {[%emt 00:00:42]} 27. Qd2 {[%clk
00:49:38]} {[%emt 00:02:05]} Bb5 {[%clk 00:13:21]} {[%emt 00:01:30]} 28. Be2
{[%clk 00:46:11]} {[%emt 00:03:58]} Kg8 {[%clk 00:12:42]} {[%emt 00:01:09]} 29.
Re1 {[%clk 00:38:57]} {[%emt 00:07:43]} Qc8 {[%clk 00:11:09]} {[%emt 00:02:04]}
30. f4 {[%clk 00:37:58]} {[%emt 00:01:28]} exf4 {[%clk 00:07:43]} {[%emt
00:03:56]} 31. exf4 {[%clk 00:37:33]} {[%emt 00:00:55]} Bxc4 {[%clk 00:07:37]}
{[%emt 00:00:37]} 32. dxc4 {[%clk 00:37:38]} {[%emt 00:00:24]} Ne7 {[%clk
00:06:26]} {[%emt 00:01:43]} 33. Bxf6 {[%clk 00:37:37]} {[%emt 00:00:31]} gxf6
{[%clk 00:06:54]} {[%emt 00:00:02]} 34. Bf3 {[%clk 00:37:24]} {[%emt 00:00:42]}
Rc7 {[%clk 00:05:32]} {[%emt 00:01:53]} 35. Qxd6 {[%clk 00:37:41]} {[%emt
00:00:12]} Ng6 {[%clk 00:05:34]} {[%emt 00:00:28]} 36. Qxf6 {[%clk 00:37:31]}
{[%emt 00:00:40]} Rxc4 {[%clk 00:05:29]} {[%emt 00:00:36]} 37. Bd5 {[%clk
00:37:50]} {[%emt 00:00:09]} Rxf4 {[%clk 00:05:17]} {[%emt 00:00:43]} 38. Qxg6+
{[%clk 00:38:12]} {[%emt 00:00:07]} 1-0

[Event "DVM U20 2023"]
[Site "Magdeburg GER"]
[Date "2023.12.28"]
[Round "4"]
[White "Sandlers, Philipp"]
[Black "Koll, Linus"]
[Result "1-0"]
[Termination "normal"]
[Board "5.3"]
[WhiteElo "1795"]
[BlackElo "2059"]
[WhiteTeam "SV Königsjäger Süd-West"]
[BlackTeam "Karlsruher SF 1853"]
[PlyCount "99"]
[WhiteFideId "34606335"]
[BlackFideId "12990299"]
[EventCountry "GER"]
[EventRounds "7"]
[EventType "team-swiss"]
[EventDate "2023.12.26"]

1. d4 {[%emt 01:06:30]} Nf6 {[%emt 00:00:03]} 2. c4 {[%emt 00:00:05]} e6 {[%emt
00:00:03]} 3. Nc3 {[%emt 00:00:05]} Bb4 {[%emt 00:00:04]} 4. f3 {[%emt
00:00:05]} d5 {[%emt 00:19:19]} 5. a3 {[%emt 00:00:43]} Bxc3+ {[%emt 00:00:56]}
6. bxc3 {[%emt 00:00:07]} O-O {[%emt 00:01:56]} 7. cxd5 {[%emt 00:00:20]} exd5
{[%emt 00:00:27]} 8. e3 {[%emt 00:00:37]} c5 {[%emt 00:08:21]} 9. Bd3 {[%emt
00:00:56]} b6 {[%emt 00:01:34]} 10. Ne2 {[%emt 00:02:53]} Ba6 {[%emt 00:02:11]}
11. O-O {[%emt 00:01:39]} Re8 {[%emt 00:04:46]} 12. Ng3 {[%emt 00:02:28]} Bxd3
{[%emt 00:07:30]} 13. Qxd3 {[%emt 00:00:16]} Nc6 {[%emt 00:02:25]} 14. Bb2
{[%emt 00:06:18]} Rc8 {[%emt 00:12:13]} 15. e4 {[%emt 00:04:21]} Na5 {[%emt
00:07:39]} 16. e5 {[%emt 00:04:57]} Nd7 {[%emt 00:00:56]} 17. Rae1 {[%emt
00:04:00]} cxd4 {[%emt 00:03:08]} 18. cxd4 {[%emt 00:00:46]} Qc7 {[%emt
00:00:13]} 19. Qf5 {[%emt 00:04:49]} Nf8 {[%emt 00:04:12]} 20. Nh5 {[%emt
00:05:35]} Qc2 {[%emt 00:10:35]} 21. Qg4 {[%emt 00:03:26]} Qg6 {[%emt
00:00:41]} 22. Qh3 {[%emt 00:01:15]} Qe6 {[%emt 00:02:49]} 23. Qh4 {[%emt
00:04:57]} Rc2 {[%emt 00:02:11]} 24. Bc1 {[%emt 00:01:57]} Ng6 {[%emt
00:01:00]} 25. Qg5 {[%emt 00:09:27]} h6 {[%emt 00:00:38]} 26. Qe3 {[%emt
00:02:46]} Rec8 {[%emt 00:00:25]} 27. Nxg7 {[%emt 00:04:49]} Kxg7 {[%emt
00:03:13]} 28. Qxh6+ {[%emt 00:00:07]} Kg8 {[%emt 00:00:04]} 29. Bg5 {[%emt
00:00:39]} f5 {[%emt 00:03:36]} 30. exf6 {[%emt 00:01:05]} Qf7 {[%emt
00:00:14]} 31. Qh3 {[%emt 00:04:42]} Re8 {[%emt 00:01:32]} 32. Rxe8+ {[%emt
00:01:00]} Qxe8 {[%emt 00:00:03]} 33. Qf5 {[%emt 00:00:36]} Rc6 {[%emt
00:01:45]} 34. Qxd5+ {[%emt 00:00:52]} Qf7 {[%emt 00:00:11]} 35. Qd8+ {[%emt
00:01:52]} Qf8 {[%emt 00:00:21]} 36. Qd5+ {[%emt 00:05:20]} Qf7 {[%emt
00:00:03]} 37. Qe4 {[%emt 00:01:04]} Nf8 {[%emt 00:00:56]} 38. Qg4 {[%emt
00:01:55]} Qe6 {[%emt 00:00:21]} 39. Qg3 {[%emt 00:00:47]} Qf5 {[%emt
00:00:36]} 40. h4 {[%emt 00:02:08]} Nc4 {[%emt 00:01:23]} 41. h5 {[%emt
00:01:01]} Kh8 {[%emt 00:07:26]} 42. Bh4 {[%emt 00:06:10]} Qh7 {[%emt
00:01:08]} 43. d5 {[%emt 00:05:09]} Rd6 {[%emt 00:06:39]} 44. Rc1 {[%emt
00:01:44]} Qg8 {[%emt 00:00:31]} 45. Qf4 {[%emt 00:02:10]} Rxd5 {[%emt
00:00:32]} 46. Rxc4 {[%emt 00:03:01]} Rxh5 {[%emt 00:01:55]} 47. f7 {[%emt
00:03:45]} Qg6 {[%emt 00:00:33]} 48. Rc8 {[%emt 00:02:01]} Kg7 {[%emt
00:02:22]} 49. Be7 {[%emt 00:05:33]} Rh8 {[%emt 00:02:12]} 50. Qe5+ {[%emt
00:04:45]} 1-0

[Event "DVM U20 2023"]
[Site "Magdeburg GER"]
[Date "2023.12.28"]
[Round "4"]
[White "Gülsen, Sinan Yilmaz"]
[Black "Jäger, Matti"]
[Result "0-1"]
[Termination "normal"]
[Board "5.4"]
[WhiteElo "1314"]
[BlackElo "1914"]
[WhiteClock "00:05:06"]
[BlackClock "00:21:54"]
[WhiteTeam "Karlsruher SF 1853"]
[BlackTeam "SV Königsjäger Süd-West"]
[PlyCount "89"]
[WhiteFideId "34606017"]
[BlackFideId "34631542"]
[EventCountry "GER"]
[EventRounds "7"]
[EventType "team-swiss"]
[EventDate "2023.12.26"]

1. e4 {[%clk 01:30:55]} {[%emt 00:00:04]} e6 {[%clk 01:30:55]} {[%emt
00:00:05]} 2. d4 {[%clk 01:31:20]} {[%emt 00:00:05]} d5 {[%clk 01:31:22]}
{[%emt 00:00:04]} 3. Nc3 {[%clk 01:31:43]} {[%emt 00:00:08]} Nf6 {[%clk
01:31:47]} {[%emt 00:00:05]} 4. e5 {[%clk 01:32:06]} {[%emt 00:00:06]} Nfd7
{[%clk 01:32:14]} {[%emt 00:00:04]} 5. f4 {[%clk 01:32:17]} {[%emt 00:00:18]}
c5 {[%clk 01:32:41]} {[%emt 00:00:04]} 6. Nf3 {[%clk 01:32:39]} {[%emt
00:00:07]} Nc6 {[%clk 01:33:06]} {[%emt 00:00:05]} 7. Ne2 {[%clk 01:33:03]}
{[%emt 00:00:06]} f6 {[%clk 01:23:57]} {[%emt 00:09:40]} 8. c3 {[%clk
01:13:50]} {[%emt 00:19:42]} Be7 {[%clk 01:19:55]} {[%emt 00:04:31]} 9. g3
{[%clk 01:04:08]} {[%emt 00:10:13]} f5 {[%clk 00:59:36]} {[%emt 00:20:49]} 10.
dxc5 {[%clk 00:56:02]} {[%emt 00:08:36]} Bxc5 {[%clk 00:52:17]} {[%emt
00:07:49]} 11. b4 {[%clk 00:51:53]} {[%emt 00:04:38]} Be7 {[%clk 00:51:02]}
{[%emt 00:01:45]} 12. Ned4 {[%clk 00:46:32]} {[%emt 00:05:51]} Nb6 {[%clk
00:37:33]} {[%emt 00:13:59]} 13. a4 {[%clk 00:29:40]} {[%emt 00:17:22]} a5
{[%clk 00:36:45]} {[%emt 00:01:18]} 14. b5 {[%clk 00:29:37]} {[%emt 00:00:33]}
Nxd4 {[%clk 00:36:43]} {[%emt 00:00:33]} 15. Qxd4 {[%clk 00:26:58]} {[%emt
00:03:08]} Qc7 {[%clk 00:34:40]} {[%emt 00:02:34]} 16. Be3 {[%clk 00:23:29]}
{[%emt 00:03:58]} Nd7 {[%clk 00:34:46]} {[%emt 00:00:25]} 17. b6 {[%clk
00:23:49]} {[%emt 00:00:09]} Qd8 {[%clk 00:33:29]} {[%emt 00:01:46]} 18. Rb1
{[%clk 00:11:01]} {[%emt 00:13:19]} Nc5 {[%clk 00:17:56]} {[%emt 00:16:04]} 19.
Nd2 {[%clk 00:06:42]} {[%emt 00:04:49]} Bd7 {[%clk 00:16:49]} {[%emt 00:01:37]}
20. Bb5 {[%clk 00:07:05]} {[%emt 00:00:08]} O-O {[%clk 00:10:13]} {[%emt
00:07:05]} 21. c4 {[%clk 00:06:41]} {[%emt 00:00:55]} Bc6 {[%clk 00:09:02]}
{[%emt 00:01:40]} 22. O-O {[%clk 00:04:07]} {[%emt 00:03:04]} Na6 {[%clk
00:03:27]} {[%emt 00:06:04]} 23. Bxa6 {[%clk 00:03:08]} {[%emt 00:01:30]} Rxa6
{[%clk 00:03:47]} {[%emt 00:00:11]} 24. c5 {[%clk 00:03:33]} {[%emt 00:00:05]}
Qe8 {[%clk 00:03:29]} {[%emt 00:00:49]} 25. Ra1 {[%clk 00:03:46]} {[%emt
00:00:16]} Qd7 {[%clk 00:02:20]} {[%emt 00:01:40]} 26. Nb3 {[%clk 00:02:48]}
{[%emt 00:01:27]} Rc8 {[%clk 00:02:17]} {[%emt 00:00:32]} 27. Rfc1 {[%clk
00:03:09]} {[%emt 00:00:08]} Qe8 {[%clk 00:02:09]} {[%emt 00:00:39]} 28. Bd2
{[%clk 00:03:18]} {[%emt 00:00:21]} Rca8 {[%clk 00:01:09]} {[%emt 00:01:31]}
29. Rc3 {[%clk 00:02:21]} {[%emt 00:01:25]} g6 {[%clk 00:01:09]} {[%emt
00:00:31]} 30. h3 {[%clk 00:01:46]} {[%emt 00:01:05]} h5 {[%clk 00:01:15]}
{[%emt 00:00:25]} 31. Kh2 {[%clk 00:01:42]} {[%emt 00:00:34]} Kf7 {[%clk
00:01:19]} {[%emt 00:00:26]} 32. Rcc1 {[%clk 00:01:28]} {[%emt 00:00:43]} Qd7
{[%clk 00:01:42]} {[%emt 00:00:07]} 33. Ra2 {[%clk 00:01:25]} {[%emt 00:00:34]}
Kg7 {[%clk 00:01:36]} {[%emt 00:00:35]} 34. Be3 {[%clk 00:01:28]} {[%emt
00:00:27]} Rh8 {[%clk 00:01:39]} {[%emt 00:00:27]} 35. Rg1 {[%clk 00:01:40]}
{[%emt 00:00:18]} Kf7 {[%clk 00:02:05]} {[%emt 00:00:05]} 36. Rgg2 {[%clk
00:01:52]} {[%emt 00:00:18]} Kg7 {[%clk 00:02:08]} {[%emt 00:00:26]} 37. Kg1
{[%clk 00:02:10]} {[%emt 00:00:13]} Kf7 {[%clk 00:02:06]} {[%emt 00:00:32]} 38.
Kf1 {[%clk 00:02:27]} {[%emt 00:00:13]} Qd8 {[%clk 00:01:31]} {[%emt 00:01:06]}
39. Bd2 {[%clk 00:02:25]} {[%emt 00:00:31]} Qa8 {[%clk 00:01:27]} {[%emt
00:00:33]} 40. Ke1 {[%clk 00:02:30]} {[%emt 00:00:26]} Qd8 {[%clk 00:00:56]}
{[%emt 00:01:02]} 41. Nxa5 {[%clk 00:26:29]} {[%emt 00:06:30]} Qd7 {[%clk
00:30:49]} {[%emt 00:00:35]} 42. g4 {[%clk 00:18:06]} {[%emt 00:08:55]} hxg4
{[%clk 00:27:07]} {[%emt 00:04:12]} 43. hxg4 {[%clk 00:16:59]} {[%emt
00:01:37]} Rha8 {[%clk 00:21:35]} {[%emt 00:06:02]} 44. gxf5 {[%clk 00:12:49]}
{[%emt 00:04:39]} exf5 {[%clk 00:21:54]} {[%emt 00:00:12]} 45. Bc3 {[%clk
00:05:06]} {[%emt 00:08:13]} *